| 000 | 00842cab a22001935a 4500 | ||
|---|---|---|---|
| 001 | L153388 | ||
| 008 | 110719e20110715xxkd f s 000 0 eng d | ||
| 035 | _a(Sirsi) u153388 | ||
| 041 | 0 | _aeng | |
| 110 | 2 |
_aExperian Business Strategies _94789 |
|
| 245 | 0 | 0 | _aBuilding intelligence |
| 260 | _c2011 | ||
| 490 | 0 |
_aBuilding _v276 (8687) 15 July 2011, 50-51(2) |
|
| 520 | _aOverview, new work output, R&M output, new work orders, 2010-2013 forecast, regional new work output, regional R&M output, regional new work orders from Experian Marketing Information Services. Analysis of the first quarter of 2011 shows that despite poor performance in new orders, some sectors - such as private housing - have seen improvement. | ||
| 590 | _aKA | ||
| 651 | 4 |
_aGreat Britain _y1707- |
|
| 690 | _aBUILT ENVIRONMENT-CONSTRUCTION MARKET | ||
| 942 | _n0 | ||
| 999 |
_c83277 _d83277 |
||